| 000 | 00563nam a22001937a 4500 | ||
|---|---|---|---|
| 003 | OSt | ||
| 005 | 20180116183049.0 | ||
| 008 | 160726b xxu||||| |||| 00| 0 eng d | ||
| 020 | _a9780201883220 | ||
| 040 | _c0 | ||
| 082 | _a519.5 WEI 1999 | ||
| 100 | _aNeil A.Weiss | ||
| 245 |
_aStudent's Solutions Manual To Accompany Introductory Statistics _cNeil A.Weiss |
||
| 250 | _a5th edition | ||
| 260 |
_aNew York _bAddison-Wesley _c1999 |
||
| 300 |
_a419 p. _bPB |
||
| 440 | _aStudent's Solutions Manual To Accompany Introductory Statistics | ||
| 942 |
_2ddc _cBK |
||
| 999 |
_c351541 _d351541 |
||